| 000 | 00464 a2200157 4500 | ||
|---|---|---|---|
| 003 | OSt | ||
| 005 | 20231223133301.0 | ||
| 008 | 231223b |||||||| |||| 00| 0 eng d | ||
| 040 | _coclc | ||
| 082 |
_a891.43 _bDHA/S |
||
| 100 |
_aDhavan, Madhu _910207 |
||
| 245 |
_aSAHITYIK VIDHAYEN SAIDHANTIK PAKSH / _cDr. Madhu Dhavan |
||
| 260 |
_aNew Delhi: _bVani Prakashan, _c2008. |
||
| 300 | _a79p | ||
| 942 |
_2ddc _cBK _h891.43 _iDHA/S _k891.43 _mDHA/S |
||
| 999 |
_c43551 _d43551 |
||